[Event "TCh-CHN 2018"]
[Site "China CHN"]
[Date "2018.08.24"]
[Round "14.5"]
[Board "1"]
[White "Bu, Xiangzhi"]
[Black "Lu, Shanglei"]
[Result "1/2-1/2"]
[WhiteTitle "GM"]
[BlackTitle "GM"]
[WhiteElo "2726"]
[BlackElo "2636"]
[WhiteTeam "Shandong Jingzhi Team"]
[BlackTeam "Zhejiang Chess Team"]
[WhiteFideId "8601445"]
[BlackFideId "8603332"]
[EventDate "2018.04.11"]

1. d4 e6 2. c4 Nf6 3. Nf3 d5 4. Bg5 Bb4+ 5. Nc3 dxc4 6. e4 c5 7. Bxc4 cxd4 8.
Nxd4 Bxc3+ 9. bxc3 Qa5 10. Bb5+ Bd7 11. Bxf6 gxf6 12. Qb3 a6 13. Bxd7+ Nxd7 14.
Nxe6 Rc8 15. O-O Rxc3 16. Ng7+ Kf8 17. Qd1 Kxg7 18. Qxd7 Rc7 19. Qh3 Rc3 20. Qd7
Rc7 21. Qh3 Rc3 22. Qd7 Rc7 1/2-1/2

[Event "TCh-CHN 2018"]
[Site "China CHN"]
[Date "2018.08.24"]
[Round "14.5"]
[Board "2"]
[White "Zhao, Jun"]
[Black "Xu, Minghui"]
[Result "1-0"]
[WhiteTitle "GM"]
[WhiteElo "2607"]
[BlackElo "2313"]
[WhiteTeam "Shandong Jingzhi Team"]
[BlackTeam "Zhejiang Chess Team"]
[WhiteFideId "8602522"]
[BlackFideId "8606790"]
[EventDate "2018.04.11"]

1. d4 d5 2. c4 e6 3. Nf3 Nf6 4. Bg5 Nbd7 5. cxd5 exd5 6. Nc3 c6 7. e3 h6 8. Bh4
g5 9. Bg3 Nh5 10. Be5 Ng7 11. Bd3 g4 12. Bxg7 Bxg7 13. Ng1 Nb6 14. h3 h5 15.
hxg4 Bxg4 16. Qc2 Qf6 17. a4 a5 18. Qb3 Nd7 19. Nge2 O-O-O 20. Rc1 Bxe2 21. Nxe2
Kb8 22. Ba6 b6 23. Nf4 h4 24. Qc2 Rh6 25. b4 Ka7 26. Be2 Qd6 27. bxa5 Qb4+ 28.
Kf1 Qxa5 29. Nh5 Bf8 30. Rxh4 Qb4 31. Rf4 f6 32. Qxc6 Bd6 33. Rf5 1-0

[Event "TCh-CHN 2018"]
[Site "China CHN"]
[Date "2018.08.24"]
[Round "14.5"]
[Board "3"]
[White "Wen, Yang"]
[Black "Lan, Zilun"]
[Result "1-0"]
[WhiteTitle "GM"]
[WhiteElo "2604"]
[BlackElo "2333"]
[WhiteTeam "Shandong Jingzhi Team"]
[BlackTeam "Zhejiang Chess Team"]
[WhiteFideId "8602956"]
[BlackFideId "8604193"]
[EventDate "2018.04.11"]

1. d4 Nf6 2. Nf3 e6 3. c4 Bb4+ 4. Nc3 O-O 5. Bg5 d5 6. e3 c6 7. Bd3 Qa5 8. O-O
Nbd7 9. Qc2 h6 10. Bh4 Bxc3 11. bxc3 b6 12. Nd2 Ba6 13. a4 dxc4 14. Be2 e5 15.
Bxf6 Nxf6 16. Bxc4 Bxc4 17. Nxc4 Qd5 18. Nxe5 Nd7 19. c4 Qe6 20. Nf3 f5 21. a5
f4 22. e4 Rf6 23. h3 Re8 24. Rfe1 Rg6 25. e5 Nf8 26. axb6 axb6 27. Rad1 Rd8 28.
Qd3 b5 29. d5 Qe7 30. d6 Qd7 31. cxb5 cxb5 32. Nd4 Rc8 33. e6 Qb7 34. Qe4 1-0

[Event "TCh-CHN 2018"]
[Site "China CHN"]
[Date "2018.08.24"]
[Round "14.5"]
[Board "4"]
[White "Zhu, Jiner"]
[Black "Muzychuk, Anna"]
[Result "1/2-1/2"]
[WhiteTitle "WIM"]
[BlackTitle "GM"]
[WhiteElo "2379"]
[BlackElo "2564"]
[WhiteTeam "Zhejiang Chess Team"]
[BlackTeam "Shandong Jingzhi Team"]
[WhiteFideId "8608059"]
[BlackFideId "14111330"]
[EventDate "2018.04.11"]

1. e4 e5 2. Nf3 Nc6 3. Bb5 a6 4. Ba4 Nf6 5. O-O Nxe4 6. d4 b5 7. Bb3 d5 8. dxe5
Be6 9. Qe2 Nc5 10. Rd1 Nxb3 11. axb3 Be7 12. c4 b4 13. Bg5 Bxg5 14. cxd5 Bxd5
15. Nxg5 Qxg5 16. Rxd5 O-O 17. Nd2 Rad8 18. Nf3 Qg6 19. Rc5 Nd4 20. Nxd4 Rxd4
21. g3 h6 22. Kg2 Qd3 23. Qxd3 Rxd3 24. Rxc7 Rxb3 25. Rxa6 Rxb2 26. Re7 Re2 27.
Rb6 Re4 28. Rbb7 g5 29. Kf3 Rc4 30. Ke3 Rc3+ 31. Ke4 Rc2 32. f4 gxf4 33. gxf4
Rxh2 34. Rxb4 Rg2 35. Rb6 Kg7 36. Kf5 h5 37. Rf6 Rg4 38. Ra7 Kg8 39. Rh6 Rh4 40.
Ra1 Kg7 41. Rd6 Rg4 42. Rd7 Rg6 43. Rh1 Rh8 44. Rh4 Rhh6 45. Rd2 Rh8 46. Rdh2
Rgh6 47. Ke4 Ra6 48. Rxh5 Rxh5 49. Rxh5 f6 50. Rf5 Kg6 51. Rxf6+ 1/2-1/2

[Event "TCh-CHN 2018"]
[Site "China CHN"]
[Date "2018.08.24"]
[Round "14.5"]
[Board "5"]
[White "Ding, Yixin"]
[Black "Huang, Qian"]
[Result "1/2-1/2"]
[WhiteTitle "WGM"]
[BlackTitle "WGM"]
[WhiteElo "2429"]
[BlackElo "2444"]
[WhiteTeam "Zhejiang Chess Team"]
[BlackTeam "Shandong Jingzhi Team"]
[WhiteFideId "8602972"]
[BlackFideId "8602689"]
[EventDate "2018.04.11"]

1. Nf3 Nf6 2. g3 g6 3. Bg2 Bg7 4. O-O O-O 5. c4 c6 6. d4 d5 7. Nbd2 Bf5 8. b3
Ne4 9. Bb2 Nd7 10. Nh4 Nxd2 11. Qxd2 Be6 12. cxd5 cxd5 13. Nf3 Nf6 14. Ne5 Ne4
15. Qe3 Nd6 16. Nd3 Nf5 17. Qd2 Bxd4 18. Bxd4 Nxd4 19. Nf4 Nb5 20. Nxd5 Rc8 21.
Rac1 Bxd5 22. Rxc8 Qxc8 23. Qxd5 Nc3 24. Qe5 e6 25. Bxb7 Nxe2+ 26. Qxe2 Qxb7 27.
Rd1 Rc8 28. h4 h5 29. Kh2 Kh7 30. Kg1 Kg8 31. Kh2 1/2-1/2

[Event "TCh-CHN 2018"]
[Site "China CHN"]
[Date "2018.08.24"]
[Round "14.6"]
[Board "1"]
[White "Zhao, Yuanhe"]
[Black "Ma, Qun"]
[Result "1/2-1/2"]
[BlackTitle "GM"]
[WhiteElo "2388"]
[BlackElo "2620"]
[WhiteTeam "Chengdu Beilei Youth Chess Club"]
[BlackTeam "Hangzhou Bank Team"]
[WhiteFideId "8609497"]
[BlackFideId "8603154"]
[EventDate "2018.04.11"]

1. d4 d5 2. c4 e6 3. g3 c6 4. Bg2 dxc4 5. Nf3 b5 6. O-O Bb7 7. a4 a6 8. b3 cxb3
9. Qxb3 Nf6 10. Nbd2 Be7 11. Ba3 Bxa3 12. Qxa3 Nd5 13. Ne5 b4 14. Qf3 O-O 15. a5
c5 16. dxc5 Qc7 17. Ndc4 Nc6 18. Nxc6 Bxc6 19. Nb6 Rad8 20. Qe4 Bb5 21. Nxd5
Rxd5 22. c6 Qd6 23. Rfc1 Re5 24. Qf4 g5 25. Qf6 Rf5 26. Qb2 Rc8 27. Rab1 Rc5 28.
Rxc5 Qxc5 29. Qxb4 Qxb4 30. Rxb4 Bxc6 31. Bxc6 Rxc6 32. Rb6 Rc2 33. Kf1 g4 34.
Rxa6 Rc1+ 35. Kg2 Rc2 36. e3 Ra2 37. Ra7 Ra1 38. a6 1/2-1/2

[Event "TCh-CHN 2018"]
[Site "China CHN"]
[Date "2018.08.24"]
[Round "14.6"]
[Board "2"]
[White "Xu, Xiangyu"]
[Black "Eljanov, Pavel"]
[Result "1-0"]
[WhiteTitle "GM"]
[BlackTitle "GM"]
[WhiteElo "2565"]
[BlackElo "2676"]
[WhiteTeam "Chengdu Beilei Youth Chess Club"]
[BlackTeam "Hangzhou Bank Team"]
[WhiteFideId "8608288"]
[BlackFideId "14102951"]
[EventDate "2018.04.11"]

1. d4 Nf6 2. c4 e6 3. g3 Bb4+ 4. Nd2 c5 5. a3 Bxd2+ 6. Qxd2 cxd4 7. Nf3 b6 8.
Bg2 Bb7 9. O-O Bxf3 10. exf3 Nc6 11. f4 Rc8 12. b3 O-O 13. Bb2 d5 14. cxd5 Nxd5
15. Rfd1 Nc3 16. Bxc3 dxc3 17. Qxc3 Na5 18. Qe3 Qf6 19. Rac1 Qb2 20. Rxc8 Rxc8
21. b4 Nb3 22. Bf1 g6 23. Rd7 a5 24. Qxb6 Rc1 25. Kg2 axb4 26. Qxb4 Qc2 27. Qb8+
Kg7 28. Qe5+ 1-0

[Event "TCh-CHN 2018"]
[Site "China CHN"]
[Date "2018.08.24"]
[Round "14.6"]
[Board "3"]
[White "Vallejo Pons, Francisco"]
[Black "Bai, Jinshi"]
[Result "1-0"]
[WhiteTitle "GM"]
[BlackTitle "GM"]
[WhiteElo "2694"]
[BlackElo "2568"]
[WhiteTeam "Chengdu Beilei Youth Chess Club"]
[BlackTeam "Hangzhou Bank Team"]
[WhiteFideId "2205530"]
[BlackFideId "8602280"]
[EventDate "2018.04.11"]

1. c4 g6 2. Nc3 c5 3. d4 cxd4 4. Qxd4 Nf6 5. e4 Nc6 6. Qd2 Bg7 7. Nf3 O-O 8. Be2
d6 9. O-O Bg4 10. Rb1 Nd7 11. b3 Bxf3 12. Bxf3 Nd4 13. Bd1 Ne5 14. Kh1 Nec6 15.
Qd3 Rc8 16. f4 Nb4 17. Qh3 e6 18. a3 Nbc6 19. Qd3 f5 20. exf5 gxf5 21. Be3 Qf6
22. b4 Rfd8 23. Ba4 Ne7 24. Rbd1 Ndc6 25. Nb5 d5 26. c5 a6 27. Nd6 Rb8 28. Rfe1
b5 29. Bb3 Kf8 30. Bf2 Nc8 31. Qe2 Nxd6 32. cxd6 d4 33. Bh4 1-0

[Event "TCh-CHN 2018"]
[Site "China CHN"]
[Date "2018.08.24"]
[Round "14.6"]
[Board "4"]
[White "Li, Ruofan"]
[Black "Dzagnidze, Nana"]
[Result "1/2-1/2"]
[WhiteTitle "IM"]
[BlackTitle "GM"]
[WhiteElo "2325"]
[BlackElo "2516"]
[WhiteTeam "Hangzhou Bank Team"]
[BlackTeam "Chengdu Beilei Youth Chess Club"]
[WhiteFideId "8600643"]
[BlackFideId "13601903"]
[EventDate "2018.04.11"]

1. d4 e6 2. c4 d5 3. Nc3 c6 4. e4 dxe4 5. Nxe4 Bb4+ 6. Nc3 e5 7. dxe5 Qxd1+ 8.
Kxd1 Bf5 9. Nge2 Nd7 10. Ng3 Bg6 11. f4 Nh6 12. Nce4 O-O-O 13. Ke2 Rhe8 14. Kf3
f6 15. Nd6+ Bxd6 16. exd6 Nc5 17. b4 Ne6 18. Be3 Rxd6 19. Be2 Bd3 20. Rhd1 Red8
21. Ne4 Nd4+ 22. Bxd4 Bxe2+ 23. Kxe2 Rxd4 24. Rxd4 Rxd4 25. Kf3 f5 26. Ng5 Rxc4
27. a3 Ng4 28. Nxh7 Rc3+ 29. Ke2 Nxh2 30. Nf8 Rc2+ 31. Kd3 Rxg2 32. Re1 b5 33.
Re8+ Kc7 34. Re7+ Kd8 35. Rxa7 Ke8 36. Ne6 g6 37. Ng7+ Kf8 38. Ne6+ Kg8 39. Ra8+
Kh7 40. Ng5+ Kh6 41. Rh8+ Kg7 42. Rh7+ Kg8 43. Rc7 Rg3+ 44. Kd4 Nf3+ 45. Nxf3
Rxf3 46. Ke5 Rxa3 47. Kf6 Rg3 48. Rxc6 Kh7 49. Rc5 Kh6 50. Rxb5 Kh5 51. Rc5 Rb3
52. Rc4 Rb1 53. Rd4 Re1 54. Rc4 Re4 55. Rxe4 fxe4 56. b5 e3 57. b6 e2 58. b7
e1=Q 59. b8=Q Qh4+ 60. Kf7 Kg4 61. Kxg6 Qh5+ 62. Kg7 Qf5 1/2-1/2

[Event "TCh-CHN 2018"]
[Site "China CHN"]
[Date "2018.08.24"]
[Round "14.6"]
[Board "5"]
[White "Batsiashvili, Nino"]
[Black "Ren, Xiaoyi"]
[Result "0-1"]
[WhiteTitle "GM"]
[WhiteElo "2465"]
[BlackElo "2256"]
[WhiteTeam "Hangzhou Bank Team"]
[BlackTeam "Chengdu Beilei Youth Chess Club"]
[WhiteFideId "13602993"]
[BlackFideId "8608709"]
[EventDate "2018.04.11"]

1. d4 Nf6 2. Nf3 d5 3. Bf4 Bf5 4. c4 c6 5. Nc3 dxc4 6. Nh4 Bd7 7. e4 e6 8. Nf3
Bb4 9. Qc2 b5 10. Be2 O-O 11. O-O h6 12. Rad1 Qb6 13. Ne5 Rd8 14. Be3 Qc7 15. f4
Be8 16. Bf3 Nbd7 17. Qf2 Bf8 18. Qg3 Rac8 19. f5 b4 20. Bf4 bxc3 21. Nxf7 e5 22.
Nxe5 c2 23. Nxc4 cxd1=Q 24. Rxd1 Qb7 25. Bxh6 Nb6 26. Na5 Qf7 27. e5 Nfd5 28.
Qg4 Qh5 29. Qxh5 Bxh5 30. Bxh5 gxh6 31. f6 Nxf6 32. exf6 Rd5 33. Bg4 Rxa5 34.
Be6+ Kh7 35. Bxc8 Nxc8 36. Rc1 Ra6 37. d5 c5 38. b4 cxb4 39. Rxc8 Rxf6 40. g3
Bd6 41. Rc6 Kg6 42. Kg2 Be5 43. Rc4 a5 44. h4 Rb6 45. Re4 Kf5 46. Re1 h5 47.
Rf1+ Ke4 48. Kh3 a4 49. g4 hxg4+ 50. Kxg4 b3 51. axb3 axb3 52. h5 b2 53. Rb1
Kxd5 54. Kf5 Bg7 55. Kg5 Kc4 0-1

[Event "TCh-CHN 2018"]
[Site "China CHN"]
[Date "2018.08.25"]
[Round "15.1"]
[Board "1"]
[White "Xu, Xiangyu"]
[Black "Xu, Yinglun"]
[Result "1/2-1/2"]
[WhiteTitle "GM"]
[BlackTitle "GM"]
[WhiteElo "2565"]
[BlackElo "2531"]
[WhiteTeam "Chengdu Beilei Youth Chess Club"]
[BlackTeam "Guangdong Ding Xin High Tech Team"]
[WhiteFideId "8608288"]
[BlackFideId "8604940"]
[EventDate "2018.04.11"]

1. d4 d5 2. c4 e6 3. g3 Nf6 4. Bg2 dxc4 5. Nf3 c6 6. O-O b5 7. Ne5 Bb7 8. a4 a6
9. Nc3 Nd5 10. e4 Nxc3 11. bxc3 Nd7 12. Bf4 Nxe5 13. Bxe5 f6 14. Bf4 Be7 15.
Qh5+ g6 16. Qe2 O-O 17. Rfd1 Qd7 18. h4 Rad8 19. Bh3 Rf7 20. Rab1 Rdf8 21. Bh6
Rd8 22. Bf4 Rdf8 23. Bg2 Rd8 24. e5 f5 25. Bh6 Bf8 26. Bg5 Be7 27. Bh6 Bf8 28.
Bf4 Qc7 29. axb5 axb5 30. Ra1 Qc8 31. Bg5 Rdd7 32. Ra5 Be7 33. Bf4 Bd8 34. Ra2
Be7 35. Ra5 Bd8 36. Ra2 Be7 37. Ra5 1/2-1/2

[Event "TCh-CHN 2018"]
[Site "China CHN"]
[Date "2018.08.25"]
[Round "15.1"]
[Board "2"]
[White "Zhao, Yuanhe"]
[Black "Li, Shilong"]
[Result "1/2-1/2"]
[BlackTitle "GM"]
[WhiteElo "2388"]
[BlackElo "2498"]
[WhiteTeam "Chengdu Beilei Youth Chess Club"]
[BlackTeam "Guangdong Ding Xin High Tech Team"]
[WhiteFideId "8609497"]
[BlackFideId "8600678"]
[EventDate "2018.04.11"]

1. Nf3 Nf6 2. c4 g6 3. Nc3 Bg7 4. g3 O-O 5. Bg2 d6 6. O-O Nc6 7. Rb1 a5 8. a3 e5
9. d3 Nd4 10. b4 axb4 11. axb4 c6 12. b5 Bg4 13. bxc6 bxc6 14. Nxd4 exd4 15. Ne4
Nxe4 16. Bxe4 d5 17. cxd5 cxd5 18. Bg2 Re8 19. Re1 Ra2 20. Bf1 Qa5 21. Bf4 Bf8
22. h3 Bd7 23. Qb3 Ra3 24. Qb7 Be6 25. Rec1 Rc3 26. Bd2 Rec8 27. Bxc3 dxc3 28.
Ra1 Qc5 29. e3 d4 30. exd4 Qxd4 31. Ra8 Rxa8 32. Qxa8 Kg7 33. Qa5 Bb4 34. Qa4
Bd7 35. Qc2 h5 36. h4 Bf5 37. Ra1 Bd7 38. Rc1 Kg8 39. Bg2 Bb5 40. Rb1 Kg7 41.
Bf1 Bd7 42. Rc1 Kh7 43. Re1 Bf5 44. Qb3 Kg7 45. Rc1 Be6 46. Qa4 Bd7 47. Qb3 Kg8
48. Bg2 Be6 49. Qa4 Kg7 50. Bf3 Kh7 51. Kg2 Bd7 52. Qb3 Be6 53. Qa4 Qd6 54. Be4
Bd7 55. Qb3 Be6 56. Qa4 Bd7 57. Qb3 Be6 1/2-1/2

[Event "TCh-CHN 2018"]
[Site "China CHN"]
[Date "2018.08.25"]
[Round "15.1"]
[Board "3"]
[White "Vallejo Pons, Francisco"]
[Black "Zhao, Chenxi"]
[Result "1-0"]
[WhiteTitle "GM"]
[WhiteElo "2694"]
[BlackElo "2328"]
[WhiteTeam "Chengdu Beilei Youth Chess Club"]
[BlackTeam "Guangdong Ding Xin High Tech Team"]
[WhiteFideId "2205530"]
[BlackFideId "8611513"]
[EventDate "2018.04.11"]

1. e4 e5 2. Nf3 Nc6 3. Bc4 Bc5 4. d3 Nf6 5. O-O O-O 6. Nbd2 d6 7. c3 a6 8. Bb3
Bb6 9. Nc4 Ba7 10. Bg5 h6 11. Bh4 g5 12. Bg3 Qe7 13. Re1 b5 14. Ne3 Bxe3 15.
Rxe3 Na5 16. Bc2 c5 17. a3 Nc6 18. b4 Rd8 19. h3 Nd7 20. Bb3 Kg7 21. Bd5 Bb7 22.
h4 f6 23. hxg5 fxg5 24. bxc5 Nxc5 25. d4 Nd7 26. a4 Nf6 27. Qb1 Ng4 28. Re1 bxa4
29. Rxa4 Rd7 30. Ra2 Nd8 31. c4 Rb8 32. Qa1 Nf7 33. c5 Bxd5 34. exd5 e4 35. cxd6 1-0

[Event "TCh-CHN 2018"]
[Site "China CHN"]
[Date "2018.08.25"]
[Round "15.1"]
[Board "4"]
[White "Li, Xueyi"]
[Black "Dzagnidze, Nana"]
[Result "1-0"]
[BlackTitle "GM"]
[WhiteElo "2187"]
[BlackElo "2516"]
[WhiteTeam "Guangdong Ding Xin High Tech Team"]
[BlackTeam "Chengdu Beilei Youth Chess Club"]
[WhiteFideId "8605912"]
[BlackFideId "13601903"]
[EventDate "2018.04.11"]

1. d4 e6 2. Nf3 c5 3. g3 b5 4. Bg2 Bb7 5. a4 b4 6. O-O Nf6 7. c3 Nc6 8. Nbd2 d5
9. a5 Nxa5 10. Qa4+ Nc6 11. cxb4 cxb4 12. Ne5 Rc8 13. Nb3 Bd6 14. Nc5 Bxc5 15.
dxc5 O-O 16. Nxc6 Bxc6 17. Qxb4 d4 18. Bxc6 Rxc6 19. Bf4 Qd5 20. Bd6 Re8 21.
Rxa7 h5 22. Qb7 e5 23. b4 Ne4 24. b5 Rxd6 25. cxd6 Qxb7 26. Rxb7 Nxd6 27. Rb6
Rd8 28. Rc1 Kf8 29. Rbc6 Nxb5 30. Rc8 Rxc8 31. Rxc8+ Ke7 32. Rc5 Nc3 33. Rxe5+
Kf6 34. Re8 g6 35. Kf1 Kf5 36. Ke1 Ne4 37. f3 Nd6 38. Ra8 Nc4 39. Ra7 Ke6 40.
Ra6+ Kf5 41. h3 Ke5 42. Kf2 Nd6 43. f4+ Kd5 44. Ra5+ Ke6 45. Re5+ Kf6 46. Rd5
Ne4+ 47. Kf3 Nd2+ 48. Kg2 Nb3 49. Rb5 Nc1 50. Kf3 d3 51. exd3 Nxd3 52. Ke2 1-0

[Event "TCh-CHN 2018"]
[Site "China CHN"]
[Date "2018.08.25"]
[Round "15.1"]
[Board "5"]
[White "Liu, Manli"]
[Black "Ren, Xiaoyi"]
[Result "1/2-1/2"]
[WhiteElo "2159"]
[BlackElo "2256"]
[WhiteTeam "Guangdong Ding Xin High Tech Team"]
[BlackTeam "Chengdu Beilei Youth Chess Club"]
[WhiteFideId "8608121"]
[BlackFideId "8608709"]
[EventDate "2018.04.11"]

1. e4 e5 2. Nf3 Nf6 3. Nxe5 d6 4. Nf3 Nxe4 5. d4 d5 6. Bd3 Nc6 7. O-O Be7 8.
Nbd2 Nxd2 9. Bxd2 Bg4 10. c3 O-O 11. h3 Bh5 12. g3 Qd7 13. Kg2 Bg6 14. Bf4 Bxd3
15. Qxd3 Rfe8 16. Rfe1 Bd6 17. Bxd6 Qxd6 18. Rxe8+ Rxe8 19. Re1 Rxe1 20. Nxe1
Nd8 21. Nc2 c6 22. Qf3 Qe6 23. Ne3 g6 24. Qf4 Qe7 25. b4 Kg7 26. b5 Ne6 27. Qe5+
f6 28. Qb8 Ng5 29. h4 Qe4+ 30. Kh2 Nf3+ 31. Kh3 Ng1+ 32. Kh2 Nf3+ 33. Kh3 1/2-1/2

[Event "TCh-CHN 2018"]
[Site "China CHN"]
[Date "2018.08.25"]
[Round "15.2"]
[Board "1"]
[White "Ma, Qun"]
[Black "Bu, Xiangzhi"]
[Result "1/2-1/2"]
[WhiteTitle "GM"]
[BlackTitle "GM"]
[WhiteElo "2620"]
[BlackElo "2726"]
[WhiteTeam "Hangzhou Bank Team"]
[BlackTeam "Shandong Jingzhi Team"]
[WhiteFideId "8603154"]
[BlackFideId "8601445"]
[EventDate "2018.04.11"]

1. d4 d5 2. c4 c6 3. Nc3 Nf6 4. cxd5 cxd5 5. Bf4 Nc6 6. Nf3 Bf5 7. e3 e6 8. Rc1
Rc8 9. Be2 Bd6 10. Bxd6 Qxd6 11. Nh4 Bg6 12. O-O O-O 13. Nxg6 hxg6 14. Qd2 Qd7
15. Rfd1 Ne7 16. Bb5 Qd8 17. Bd3 Qa5 18. a3 Nf5 19. Ne4 Qxd2 20. Nxd2 Nd6 21.
Kf1 Rfd8 22. Ke2 Kf8 23. Kf1 Kg8 24. Ke2 Kf8 25. Kf1 Kg8 26. Ke2 1/2-1/2

[Event "TCh-CHN 2018"]
[Site "China CHN"]
[Date "2018.08.25"]
[Round "15.2"]
[Board "2"]
[White "Gao, Rui"]
[Black "Zhao, Jun"]
[Result "0-1"]
[WhiteTitle "GM"]
[BlackTitle "GM"]
[WhiteElo "2546"]
[BlackElo "2607"]
[WhiteTeam "Hangzhou Bank Team"]
[BlackTeam "Shandong Jingzhi Team"]
[WhiteFideId "8602387"]
[BlackFideId "8602522"]
[EventDate "2018.04.11"]

1. e4 e5 2. Nf3 Nc6 3. Bb5 a6 4. Ba4 Nf6 5. O-O Be7 6. Re1 b5 7. Bb3 d6 8. c3
O-O 9. h3 Na5 10. Bc2 c5 11. d4 Nd7 12. d5 Nb6 13. Nbd2 Bd7 14. Nf1 Nb7 15. b3
c4 16. b4 a5 17. Ng3 g6 18. Bh6 Re8 19. a3 Ra6 20. Qd2 Bf6 21. Nh2 Qe7 22. Rf1
Rea8 23. Rac1 axb4 24. axb4 Nd8 25. Ng4 Bxg4 26. hxg4 Bh4 27. Ne2 f6 28. Be3 Bg5
29. g3 Bxe3 30. Qxe3 Nf7 31. Kg2 Nd7 32. Bb1 Ra1 33. Rh1 Nf8 34. Bc2 R1a2 35.
Bb1 Ra1 36. Bc2 R1a3 37. Rb1 Qa7 38. Qxa7 R8xa7 39. Kf3 Ra2 40. Rbc1 Rb2 41. Bb1
Ra3 42. Bc2 Raa2 43. Bb1 Ng5+ 44. Kg2 Rxe2 45. Bxa2 Rxa2 46. Ra1 Rxa1 47. Rxa1
Nxe4 48. Ra3 f5 49. gxf5 gxf5 50. f3 Nf6 51. Ra5 Nxd5 52. Rxb5 Nxc3 53. Rb7 Ne6
54. Rb6 Nd4 0-1

[Event "TCh-CHN 2018"]
[Site "China CHN"]
[Date "2018.08.25"]
[Round "15.2"]
[Board "3"]
[White "Eljanov, Pavel"]
[Black "Wen, Yang"]
[Result "1-0"]
[WhiteTitle "GM"]
[BlackTitle "GM"]
[WhiteElo "2676"]
[BlackElo "2604"]
[WhiteTeam "Hangzhou Bank Team"]
[BlackTeam "Shandong Jingzhi Team"]
[WhiteFideId "14102951"]
[BlackFideId "8602956"]
[EventDate "2018.04.11"]

1. e4 e5 2. Nf3 Nc6 3. Bc4 Nf6 4. d3 Bc5 5. Bg5 h6 6. Bh4 Be7 7. Bg3 d6 8. a3
O-O 9. O-O Nh7 10. h3 Ng5 11. Nbd2 Be6 12. Bxe6 Nxe6 13. c3 Bg5 14. Nc4 Bf4 15.
Bh4 Bg5 16. Bxg5 Nxg5 17. Ne3 Nxf3+ 18. Qxf3 Qd7 19. Rad1 Rae8 20. Rfe1 Ne7 21.
d4 exd4 22. cxd4 c6 23. Qg3 Qe6 24. Ng4 Kh8 25. Nh2 Ng8 26. e5 dxe5 27. dxe5 Ne7
28. Rd6 Qc8 29. Qf4 Ng6 30. Qd4 Qf5 31. Nf3 a6 32. Rd7 Re7 33. Rxe7 Nxe7 34. Qb4
Qd7 35. e6 fxe6 36. Ne5 Qc7 37. Qxe7 Qxe7 38. Ng6+ Kg8 39. Nxe7+ Kf7 40. Nxc6
bxc6 41. Rc1 Rb8 42. b4 a5 43. bxa5 Rb3 44. a4 Rb4 45. Rxc6 Rxa4 46. a6 Ra1+ 47.
Kh2 Ra3 48. Rc7+ Kf6 49. a7 h5 50. g3 g5 51. Kg2 Kf5 52. Kf1 Ra2 53. Ke1 Ke4 54.
Kd1 Kf3 55. Kc1 Ra6 56. Rf7+ Kg2 57. g4 hxg4 58. hxg4 e5 59. f3 Kg3 60. Kc2 e4
61. fxe4 Kxg4 62. e5 Kh5 63. e6 1-0

[Event "TCh-CHN 2018"]
[Site "China CHN"]
[Date "2018.08.25"]
[Round "15.2"]
[Board "4"]
[White "Muzychuk, Anna"]
[Black "Li, Ruofan"]
[Result "1-0"]
[WhiteTitle "GM"]
[BlackTitle "IM"]
[WhiteElo "2564"]
[BlackElo "2325"]
[WhiteTeam "Shandong Jingzhi Team"]
[BlackTeam "Hangzhou Bank Team"]
[WhiteFideId "14111330"]
[BlackFideId "8600643"]
[EventDate "2018.04.11"]

1. e4 e5 2. Nf3 Nc6 3. Bb5 g6 4. c3 a6 5. Ba4 d6 6. d4 Bd7 7. O-O Bg7 8. Re1 Nf6
9. h3 O-O 10. Bc2 Re8 11. Nbd2 b5 12. a3 Na5 13. b4 Nb7 14. Nf1 c6 15. Bb2 Qc7
16. Rc1 a5 17. Bb1 h6 18. Ne3 Rad8 19. c4 axb4 20. cxb5 bxa3 21. Bxa3 exd4 22.
Nxd4 c5 23. Bd3 Qa5 24. Nc4 Qa7 25. Ra1 Rc8 26. Bb2 Qb8 27. Nc6 Bxc6 28. bxc6
Rxc6 29. Qf3 Re6 30. e5 dxe5 31. Nxe5 Rc7 32. Bc4 Rb6 33. Bc3 Qd8 34. Nxg6 Ne4
35. Rxe4 Rxg6 36. Rf4 Bxc3 37. Rxf7 Rxf7 38. Qxf7+ Kh8 39. Qxg6 Bg7 40. Re1 Nd6
41. Rd1 1-0

[Event "TCh-CHN 2018"]
[Site "China CHN"]
[Date "2018.08.25"]
[Round "15.2"]
[Board "5"]
[White "Huang, Qian"]
[Black "Batsiashvili, Nino"]
[Result "1/2-1/2"]
[WhiteTitle "WGM"]
[BlackTitle "GM"]
[WhiteElo "2444"]
[BlackElo "2465"]
[WhiteTeam "Shandong Jingzhi Team"]
[BlackTeam "Hangzhou Bank Team"]
[WhiteFideId "8602689"]
[BlackFideId "13602993"]
[EventDate "2018.04.11"]

1. d4 Nf6 2. c4 e6 3. Nc3 Bb4 4. Qc2 O-O 5. a3 Bxc3+ 6. Qxc3 Qe8 7. Qc2 Nc6 8.
Nf3 e5 9. dxe5 Nxe5 10. Nxe5 Qxe5 11. g3 d6 12. Bf4 Qh5 13. Bg2 Re8 14. f3 b5
15. Rc1 Ba6 16. cxb5 Qxb5 17. e4 d5 18. Bf1 Qa5+ 19. Qd2 Qa4 20. Qc2 Qa5+ 21.
Qd2 Qa4 22. Qc2 Qxc2 23. Rxc2 Bxf1 24. Kxf1 dxe4 25. fxe4 Rxe4 26. Bxc7 Rc8 27.
Kf2 Ng4+ 28. Kf3 f5 29. Rc3 g5 30. h4 Re7 31. Rhc1 h6 32. Bd6 Re3+ 33. Rxe3 Rxc1
34. Re2 Rd1 35. Bb8 a5 36. hxg5 hxg5 37. Rc2 Rd3+ 38. Ke2 Rb3 39. Bc7 a4 40. Bd8
Rxg3 41. Rc8 Rg2+ 42. Kf3 Rf2+ 43. Kg3 Kf7 44. Bxg5 Rxb2 45. Bc1 Rf2 46. Rc4 Rf1
47. Bf4 Nf6 48. Kg2 Rb1 49. Rxa4 Rb2+ 50. Kf3 Rb3+ 51. Ke2 Nd5 52. Bd2 Ke6 53.
Ra8 Ke5 54. a4 Nf4+ 55. Bxf4+ Kxf4 56. a5 Re3+ 57. Kf2 Ra3 58. Rb8 Ra2+ 59. Kf1
Rxa5 60. Rb4+ Kg3 61. Rb3+ Kg4 62. Rb4+ f4 63. Rb3 Ra2 64. Rc3 Rb2 1/2-1/2

[Event "TCh-CHN 2018"]
[Site "China CHN"]
[Date "2018.08.25"]
[Round "15.3"]
[Board "1"]
[White "Lu, Shanglei"]
[Black "Harikrishna, Pentala"]
[Result "1/2-1/2"]
[WhiteTitle "GM"]
[BlackTitle "GM"]
[WhiteElo "2636"]
[BlackElo "2729"]
[WhiteTeam "Zhejiang Chess Team"]
[BlackTeam "China Mobil Shanghai Chess Club"]
[WhiteFideId "8603332"]
[BlackFideId "5007003"]
[EventDate "2018.04.11"]

1. Nc3 d5 2. e4 dxe4 3. Nxe4 e5 4. Bc4 Nc6 5. d3 h6 6. Bd2 Nf6 7. Nf3 Nxe4 8.
dxe4 Bd6 9. h3 Qe7 10. Qe2 Be6 11. O-O-O Bxc4 12. Qxc4 Bc5 13. Be3 Bb6 14. a3
O-O 15. Rd3 Rad8 16. Rhd1 Rxd3 17. Rxd3 Rd8 18. Bxb6 Rxd3 19. Qxd3 cxb6 20. Qd5
Qc5 21. Qd7 Qxf2 22. Qc8+ Kh7 23. Qf5+ Kg8 24. Qc8+ Kh7 25. Qf5+ Kg8 26. Qc8+
Kh7 27. Qf5+ 1/2-1/2